01239nam a2200301 45000010005000000030008000050050017000130080039000300200034000690350018001030400023001210410008001440820022001521000025001742450059001992600057002583000023003153500011003384900027003495040030003765260014004066500051004209420012004719990015004839520147004989520146006459520146007915170BD-RjUL20211208234024.0131224s1973 enk b 000 0 eng a0710075367a0710075375 (pbk.) a(BD-RjUL)5206 aDLCcDLCdDLCbeng aeng00a361.942bSEE 19731 aSeed, Philip.91629214aThe expansion of social work in Britain /cPhilip Seed aLondon :aBoston :bRoutledge and Kegan Paul,c1973. axi, 116 p.c20 cm. a£1.800 aLibrary of social work aBibliography: p. 113-116. bSociology 0aSocial servicezGreat BritainxHistory.916293 2ddccBK c5170d5170 00102ddc40718NFICaRUCLbRUCLcreadingd1977-05-19eW Heffer and sonsg2.50l0o361.942 SEE 1973r2013-12-24 00:00:00tC-1w2013-12-24yBK 00102ddc40708NFICaRUCLbRUCLcStackd1977-05-19eW. Heffer and sonsg2.50l0o361.942 SEE 1973r2016-08-24 00:00:00tC-2w2016-08-24yBK 00102ddc40708NFICaRUCLbRUCLcStackd1977-05-19eW. Heffer and sonsg2.50l0o361.942 SEE 1973r2016-10-01 00:00:00tC-3w2016-10-01yBK